000 00449nam a22001577a 4500
082 _a628.1
_bRAN
100 _aRangwala, S.C
_923360
245 _aFundamentals of water supply and sanitary engineering
_cRangwala, S.C
250 _a11th
260 _aIndia
_bCharotar Publishing House
_c1992
300 _axiv, p-711
_bill
526 _a0
_b0
_c0
_d628_100000000000000_RAN
650 _aMCE
_9379
700 _aRangwala, S.C
_923360
942 _2ddc
_cBK
999 _c548094
_d548094